00297nam a22000977a 4500082002200000100003700022245007800059260004200137300001200179650000800191 a347.5491052 bSHE aSerazi, Syed Muhammad Aala Imran aCommentaries on The Limitation Act 1908/cSyed Muhammad Aala Imran Serazi aLahore:bImran Law Book House,c2024. a826p. ; aLaw